Statystyki dla Państwa najbliższe Erytrei

Kliknij tutaj aby rozwiązać quiz!

Ogólne statystyki

  • Ten quiz został rozwiązany 59 razy
  • Średni wynik to 17 z 20

Statystyki odpowiedzi

kmPaństwo% Poprawnych
507Egipt
95%
0Etiopia
95%
0Sudan
95%
0Dżibuti
93%
29Jemen
93%
923Kenia
93%
1 161Oman
93%
116Somalia
93%
420Sudan Południowy
91%
197Arabia Saudyjska
89%
1 339Czad
84%
1 326Izrael
80%
1 371Demokratyczna
Republika Konga
79%
1 309Jordania
79%
1 482Zjednoczone Emiraty
Arabskie
79%
1 311Libia
75%
1 486Republika
Środkowoafrykańska
75%
1 433Katar
73%
1 299Uganda
70%
1 512Bahrajn
68%

Rozkład punktacji

Percentyl według liczby udzielonych odpowiedzi

Procent ludzi z każdym wynikiem

Twoja historia wyników

Nie rozwiązałeś tego quizu